Loading...
Literature - American Literature | 0 | 6 | 1 | 2 | 55 | 70 | 121.00 | 1 | 3 |
Visual Arts | 1 | 4 | 0 | 3 | 55 | 33 | 109.60 | 1 | 4 |
History - American History | 1 | 3 | 0 | 1 | 45 | 36 | 94.00 | 1 | 4 |
Beliefs | 0 | 4 | 1 | 2 | 35 | 111 | 132.50 | 0 | 3 |
Philosophy | 0 | 3 | 0 | 1 | 30 | 114 | 120.00 | 0 | 2 |
Social Science | 0 | 4 | 3 | 1 | 25 | 91 | 105.25 | 1 | 4 |
History - European History | 0 | 2 | 0 | 2 | 20 | 124 | 134.50 | 0 | 2 |
History - Other History | 0 | 2 | 0 | 0 | 20 | 118 | 124.50 | 0 | 1 |
History - World History | 1 | 1 | 1 | 0 | 20 | 46 | 89.50 | 0 | 1 |
Science - Physics | 1 | 0 | 0 | 0 | 15 | 66 | 66.00 | 0 | 1 |
Science - Biology | 0 | 1 | 0 | 0 | 10 | 122 | 122.00 | 0 | 0 |
Current Events | 0 | 1 | 0 | 0 | 10 | 110 | 110.00 | 1 | 1 |
Science - Other Science | 0 | 1 | 0 | 1 | 10 | 132 | 132.00 | 0 | 1 |
Literature - World Literature | 0 | 2 | 2 | 0 | 10 | 93 | 115.00 | 0 | 0 |
Geography | 0 | 1 | 0 | 0 | 10 | 134 | 134.00 | 0 | 1 |
Literature - British Literature | 0 | 1 | 1 | 0 | 5 | 136 | 136.00 | 0 | 1 |
Other Academic | 0 | 1 | 1 | 0 | 5 | 91 | 91.00 | 0 | 1 |
Literature - European Literature | 0 | 1 | 2 | 0 | 0 | 129 | 129.00 | 0 | 1 |
History - Ancient History | 0 | 0 | 0 | 0 | 0 | 0.00 | 0 | 0 | |
Fine Arts - Other Arts | 1 | 1 | 5 | 0 | 0 | 72 | 87.00 | 0 | 2 |
Science - Chemistry | 0 | 0 | 2 | 0 | -10 | 0.00 | 0 | 0 | |
Auditory Arts | 0 | 0 | 2 | 0 | -10 | 0.00 | 0 | 0 |